Детям: Стихи, сказки, рассказы, басни, пьесы

التفاصيل البيبلوغرافية
المؤلف الرئيسي: Михалков С. В. Сергей Владимирович
مؤلفون آخرون: Благой Д. Д. (автор предисловия), Ильинский И. (иллюстратор), Рачев Е., Лемкуль Ф., Коровин Ю.
اللغة:الروسية
منشور في: Москва, Детская литература, 1981
سلاسل:Библиотека мировой литературы для детей Т. 22. Кн. 3
الموضوعات:
التنسيق: كتاب
KOHA link:https://koha.lib.tpu.ru/cgi-bin/koha/opac-detail.pl?biblionumber=137616

MARC

LEADER 00000nam0a2200000 4500
001 137616
005 20231031141126.0
020 |a RU  |b 81-50230 
035 |a (RuTPU)RU\TPU\book\149141 
090 |a 137616 
100 |a 20080514d1981 d y0rusy5003 ca 
101 0 |a rus 
102 |a RU 
105 |a a z 000ay 
200 1 |a Детям  |e Стихи, сказки, рассказы, басни, пьесы  |f С. В. Михалков  |g авт. предисл. Д. Д. Благой ; худож. И. Ильинский ; Е. Рачев ; Ф. Лемкуль ; Ю. Коровин 
210 |a Москва  |c Детская литература  |d 1981 
215 |a 590 с.  |c ил., 9 л. цв. ил.  |d 22 см. 
225 1 |a Библиотека мировой литературы для детей  |a Т. 22. Кн. 3 
610 1 |a советская литература 
610 1 |a детская литература 
610 1 |a стихи 
610 1 |a сказки 
610 1 |a рассказы 
610 1 |a басни 
610 1 |a пьесы 
675 |a Р2  |z rus 
700 1 |a Михалков  |b С. В.  |g Сергей Владимирович  |4 070 
702 1 |a Благой  |b Д. Д.  |4 080 
702 1 |a Ильинский  |b И.  |4 440 
702 1 |a Рачев  |b Е.  |4 440 
702 1 |a Лемкуль  |b Ф.  |4 440 
702 1 |a Коровин  |b Ю.  |4 440 
801 0 |a RU  |b RuMRKP  |c 19950704  |g psbo 
801 1 |a RU  |b 63413507  |c 20080514  |g PSBO 
801 2 |a RU  |b 63413507  |c 20080514  |g PSBO 
942 |c BK